000 01225nam a2200229Ia 4500
001 L248-15013
003 IT-CnALBA
008 170116s9999||||xx |||||||||||||| ||und||
040 _aIT-CnALBA
_cIT-CnALBA
041 _aLATINO
100 _aBLOSIO LUDOVICO
245 0 _aMANUALE VITAE SPIRITUALIS. OPERA SPIRITUALIA SELECTA.
250 _a1a ed.
260 _a TORINO - ROMA
_bMARIETTI EDITORE
_c1880 [1° Ed.: - Ed.Ling.Originale: 1539]
300 _a578 p. (prefazione: 25)
500 _aPREFAZIONE LATINA DEL CARDINALE WISEMAN (1859). PECCATO. VANAGLORIA. AMORE PROPRIO. PAZIENZA. SCRUPOLI. PUPILLANIMITÀ. OBBEDIENZA. TENTAZIONI. UNIONE MISTICA. MORTIFICAZIONE. MORTE. PURGATORIO. PARADISO. S. BRIGIDA. CATERINA DA SIENA. METILDE. GERTRUDE.
501 _aSocietà San Paolo EM - Piazza San Paolo, 14 - 12051 ALBA (CN) (non commercial uses only) ® Copyright 2017
520 _aPREFAZIONE LATINA DEL CARDINALE WISEMAN (1859). PECCATO. VANAGLORIA. AMORE PROPRIO. PAZIENZA. SCRUPOLI. PUPILLANIMITÀ. OBBEDIENZA. TENTAZIONI. UNIONE MISTICA. MORTIFICAZIONE. MORTE. PURGATORIO. PARADISO. S. BRIGIDA. CATERINA DA SIENA. METILDE. GERTRUDE.
650 _aASCETICA E MISTICA
942 _cBK
957 _71
999 _a19763
_bSI
_g Copie: 1
_c274182
_d274182